书目信息 |
| 题名: |
永矢不忘
|
|
| 作者: | 郭富纯 主编 ;旅顺日俄监狱旧址陈列馆 编 | |
| 分册: | ||
| 出版信息: | 长春 吉林人民出版社 2005 |
|
| 页数: | 390,36页 | |
| 开本: | 21cm | |
| 丛书名: | ||
| 单 册: | ||
| 中图分类: | K256.306 | |
| 科图分类: | ||
| 主题词: | 侵华事件--日本--1894-1895--史料 , 中日甲午战争(1894-1895)--史料 , 侵华事件 , 中日甲午战争 | |
| 电子资源: | ||
| ISBN: | 7-206-04132-9 | |
| 000 | 01059nam0 2200301 45 | |
| 001 | 0120066000883 | |
| 005 | 20070708153052.45 | |
| 010 | @a7-206-04132-9@dCNY31.00 | |
| 092 | @aCN@b485518 | |
| 100 | @a20060120d2005 em y0chiy0121 ea | |
| 101 | 0 | @achi |
| 102 | @aCN@b220000 | |
| 105 | @aaf z 000yy | |
| 200 | 1 | @a永矢不忘@9yong shi bu wang@e旅顺大屠杀惨案@f郭富纯主编@g旅顺日俄监狱旧址陈列馆编 |
| 205 | @a2版 | |
| 210 | @a长春@c吉林人民出版社@d2005 | |
| 215 | @a390,36页@c图@d21cm | |
| 330 | @a本书旨在提供翔实的历史文献资料和最新研究成果,将旅顺大屠杀事件的真相告知世人,警示世人,激励爱国主义的激情并从中得到启迪和教益。 | |
| 517 | 1 | @a旅顺大屠杀惨案@9lu^ shun da tu sha can an |
| 606 | 0 | @a侵华事件@y日本@z1894-1895@j史料 |
| 606 | 0 | @a中日甲午战争(1894-1895)@j史料 |
| 606 | 0 | @a侵华事件 |
| 606 | 0 | @a中日甲午战争 |
| 690 | @aK256.306@v4 | |
| 701 | 0 | @a郭富纯@9guo fu chun@4主编 |
| 712 | 02 | @a旅顺日俄监狱旧址陈列馆@9lu^ shun ri e jian yu jiu zhi chen lie guan@4编 |
| 801 | 0 | @aCN@bLZJBOOK@c20070708 |
| 905 | @a10447@dK256.306@e47=2 | |
| 永矢不忘:旅顺大屠杀惨案/郭富纯主编/旅顺日俄监狱旧址陈列馆编.-2版.-长春:吉林人民出版社,2005 |
| 390,36页:图;21cm |
| ISBN 7-206-04132-9:CNY31.00 |
| 本书旨在提供翔实的历史文献资料和最新研究成果,将旅顺大屠杀事件的真相告知世人,警示世人,激励爱国主义的激情并从中得到启迪和教益。 |
| ● |
| 相关链接 |
|
|
|
|
正题名:永矢不忘
索取号:K256.306/47=2
 
预约/预借
| 序号 | 登录号 | 条形码 | 馆藏地/架位号 | 状态 | 备注 |
| 1 | 0554281 | 205542812 | 第二样本阅览室/ [索取号:K256.306/47=2] | 在馆 | |
| 2 | 0554282 | 205542821 | 第二借阅区/ [索取号:K256.306/47=2] | 在馆 | |
| 3 | 0554283 | 205542830 | 第二借阅区/ [索取号:K256.306/47=2] | 在馆 | |
| 4 | 0554284 | 205542849 | 第二借阅区/ [索取号:K256.306/47=2] | 在馆 | |
| 5 | 0554285 | 205542858 | 第二借阅区/ [索取号:K256.306/47=2] | 在馆 | |
| 6 | 0554286 | 205542867 | 第二借阅区/ [索取号:K256.306/47=2] | 在馆 | |
| 7 | 0554287 | 205542876 | 第二借阅区/ [索取号:K256.306/47=2] | 在馆 | |
| 8 | 0554288 | 205542885 | 第二借阅区/ [索取号:K256.306/47=2] | 在馆 |